عرض عادي
عرض مارك
- Mathematical physics.
مدخل مصطلح موضوعي
001 - رقم الضبط
- حقل الضبط: 4404
003 - معرف رقم الضبط
- حقل الضبط: OSt
005 - تاريخ ووقت أخر عملية
- حقل الضبط: 20110914002623.0
008 - عناصر بيانات ثابتة الطول
- حقل تحكم ثابت الطول: 110914|||a|||||| | ||| d
040 ## - مصدر الفهرسة
- هيئة الفهرسة الأصلية: OSt
- وكالة الكتابة: OSt
150 ## - مدخل-- مصطلح تاريخي
- عنصر مدخل المصطلح الموضوعي او الاسم الجغرافي: Mathematical physics.
670 ## - بيانات المصدر موجوده
- الاستشهاد بالمصدر: Work cat.: (OSt)963: Kirsten, Klaus, 1962- 4402, Spectral functions in mathematics and physics /, c2002.
